Airlines at BOM - Statistics

General Stats
  • This quiz has been taken 17 times
  • The average score is 22 of 54
Answer Stats
Answer % Correct
A Air India
93%
A Air France
79%
B British Airways
79%
L Lufthansa
79%
E Egyptair
71%
T Turkish Airlines
71%
E Emirates
64%
Q Qatar Airways
64%
S Saudia
64%
S Singapore Airlines
64%
T Thai Airways
64%
U United
64%
A Air Canada
57%
E El Al
57%
K Korean Air
57%
E Ethiopian Airlines
50%
E Etihad Airways
50%
I Indigo
50%
K Kuwait Airways
50%
N Nepal Airlines
50%
S Spice Jet
50%
Y Yemenia
50%
A Air Asia
43%
C Cathay Pacific
43%
I Iran Air
43%
O Oman Air
43%
V Virgin Atlantic
43%
V Vistara
43%
A Air Arabia
36%
G Gulf Air
36%
I Iraqi Airways
36%
V Viet Jet
36%
A Air Mauritius
29%
A Air Seychelles
29%
A All Nippon Airways
29%
F Finnair
29%
J Jazeera Airways
29%
K Kenya Airways
29%
K KLM Royal Dutch Airlines
29%
L LOT Polish Airlines
29%
M Malaysia Airlines
29%
R Rwandair
29%
S Sri Lankan Airlines
29%
S Swiss International Airlines
21%
A Air Tanzania
14%
F Flydubai
14%
F Flynas
14%
G Go First
14%
A Akasa Air
7%
L Lion Air
7%
A Azerbaijan Airlines
0%
B Batik Air
0%
F Fly Baghdad
0%
S Star Air
0%
No matching quizzes found
Score Distribution
Percent of People with Each Score
Percentile by Number Answered
Your Score History
You have not taken this quiz